It's a playboy world (Record no. 6546)

MARC details
000 -LEADER
fixed length control field 00677nam a2200265 4500
001 - CONTROL NUMBER
control field 46512
003 - CONTROL NUMBER IDENTIFIER
control field OSt
005 - DATE AND TIME OF LATEST TRANSACTION
control field 20190117133037.0
008 - FIXED-LENGTH DATA ELEMENTS--GENERAL INFORMATION
fixed length control field 691204s1969 nju |000 0 eng
010 ## - LIBRARY OF CONGRESS CONTROL NUMBER
LC control number 70085305
020 ## - INTERNATIONAL STANDARD BOOK NUMBER
Terms of availability 3.50
035 01 - SYSTEM CONTROL NUMBER
System control number 57299
040 ## - CATALOGING SOURCE
Original cataloging agency DLC
Transcribing agency DLC
Modifying agency MAL
050 0# - LIBRARY OF CONGRESS CALL NUMBER
Classification number BJ1491
Item number .B3
082 ## - DEWEY DECIMAL CLASSIFICATION NUMBER
Classification number 171.4
Item number B219I
092 ## - LOCALLY ASSIGNED DEWEY CALL NUMBER (OCLC)
Classification number 170
Item number B22
100 1# - MAIN ENTRY--PERSONAL NAME
Personal name Banowsky, William Slater.
245 10 - TITLE STATEMENT
Title It's a playboy world
Statement of responsibility, etc. [by] William S. Banowsky.
260 ## - PUBLICATION, DISTRIBUTION, ETC.
Place of publication, distribution, etc. Old Tappan, N.J.,
Name of publisher, distributor, etc. F. H. Revell Co.
Date of publication, distribution, etc. [c1969]
300 ## - PHYSICAL DESCRIPTION
Extent 126 p.
Dimensions 22 cm.
650 #0 - SUBJECT ADDED ENTRY--TOPICAL TERM
Topical term or geographic name entry element Hedonism.
650 #0 - SUBJECT ADDED ENTRY--TOPICAL TERM
Topical term or geographic name entry element Sexual ethics.
651 #0 - SUBJECT ADDED ENTRY--GEOGRAPHIC NAME
Geographic name United States
General subdivision Moral conditions.
942 ## - ADDED ENTRY ELEMENTS (KOHA)
Source of classification or shelving scheme Dewey Decimal Classification
Koha item type Books
Holdings
Withdrawn status Lost status Source of classification or shelving scheme Damaged status Not for loan Collection code Home library Current library Shelving location Date acquired Cost, normal purchase price Total Checkouts Full call number Barcode Date last seen Price effective from Koha item type
    Dewey Decimal Classification     Non-fiction Harvest Mission College Harvest Mission College General Stacks 17.01.2019 950.00   171.4 B219I 007317 17.01.2019 17.01.2019 Books
    Dewey Decimal Classification     Non-fiction Harvest Mission College Harvest Mission College General Stacks 20.01.2021     171.4 B219I 010748 20.01.2021 20.01.2021 Books

OPAC Designed and Maintained by HMC Library Team.
Copyright © HMC Library,Greater Noida, UP.
For any Suggestions/Query Contact library via Email:libhmc@gmail.com